[Event "PKL 2004 Veteranen"]
[Site "PKL 2004 Veteranen ronde 3"]
[Date "2004.11.??"]
[Round "3"]
[White "Simonis, Peter"]
[Black "de Wit, Gerrit"]
[Result "0-1"]
[WhiteElo "1768"]
[BlackElo "1801"]
[PlyCount "76"]
[EventDate "2004.??.??"]

1. e4 e6 2. d4 d5 3. e5 c5 4. c3 Nc6 5. Nf3 Qb6 6. Bd3 Nh6 7. O-O cxd4 8. cxd4
Nf5 9. Bxf5 exf5 10. Nc3 Be6 11. a3 Be7 12. b4 Rc8 13. Bb2 O-O 14. Na4 Qd8 15.
Nc5 b6 16. Nb3 Kh8 17. h3 Rg8 18. Nh2 Qd7 19. Kh1 g5 20. g4 fxg4 21. Nxg4 Rg6
22. Rg1 Rcg8 23. Rc1 Bxg4 24. Qxg4 Qxg4 25. hxg4 a6 26. Kg2 Re6 27. Rh1 Rgg6
28. Rh3 Kg7 29. Rhc3 Bf8 30. Rf3 f6 31. Re1 fxe5 32. dxe5 Be7 33. Nd4 Nxd4 34.
Bxd4 Rc6 35. e6+ Kg8 36. Rf5 Rgxe6 37. Rxe6 Rxe6 38. Rxg5+ Bxg5 0-1

[Event "PKL 2004 Kampioensgroep"]
[Site "PKL 2004 Kampioensgroep ronde "]
[Date "2004.12.11"]
[Round "5"]
[White "van Haren, Marcel"]
[Black "Bus, Tom"]
[Result "0-1"]
[WhiteElo "1871"]
[BlackElo "2072"]
[PlyCount "50"]
[EventDate "2004.??.??"]

1. e4 c5 2. Nc3 Nc6 3. f4 g6 4. Nf3 Bg7 5. Bc4 e6 6. f5 Nge7 7. fxe6 dxe6 8. d3
O-O 9. O-O Na5 10. Qe1 Nec6 11. Bg5 f6 12. Be3 b6 13. Qh4 Nd4 14. Bh6 Nac6 15.
Nxd4 Nxd4 16. e5 f5 17. Bg5 Qd7 18. Be7 Rf7 19. Bd6 Bb7 20. Rf2 Bf8 21. Ne4
fxe4 22. Rxf7 Qxf7 23. Rf1 Nf5 24. Qh3 e3 25. g4 e2 0-1

[Event "PKL 2004 Kampieonsgroep"]
[Site "PKL 2004 Kampieonsgroep ronde "]
[Date "2004.12.11"]
[Round "5"]
[White "Metsemakers, Peter"]
[Black "Peeters, Geert"]
[Result "1/2-1/2"]
[WhiteElo "1900"]
[BlackElo "2057"]
[PlyCount "55"]
[EventDate "2004.??.??"]

1. e4 c5 2. Nf3 d6 3. Bb5+ Nc6 4. d4 cxd4 5. Nxd4 Bd7 6. O-O Nf6 7. Re1 e6 8.
Nxc6 bxc6 9. Bf1 e5 10. c4 Qc7 11. Nc3 Be7 12. Qd3 O-O 13. Bg5 h6 14. Bxf6 gxf6
15. Ne2 Kh7 16. Kh1 Qb6 17. Qf3 Rg8 18. h3 Rg5 19. b3 Be6 20. Ng3 $10 Qc5 21.
Nh5 Kg6 22. g4 a5 23. Rad1 a4 24. Qe3 $10 Qb4 25. Be2 Kh7 26. h4 Rxg4 27. Bxg4
Bxg4 28. Qg3 1/2-1/2

[Event "PKL 2004 Kampioensgroep"]
[Site "PKL 2004 Kampioensgroep ronde "]
[Date "2004.12.11"]
[Round "5"]
[White "Seip, Rien"]
[Black "Simenon, Jozef"]
[Result "0-1"]
[WhiteElo "1949"]
[BlackElo "2065"]
[PlyCount "62"]
[EventDate "2004.??.??"]

1. d4 Nf6 2. c4 c5 3. d5 b5 4. cxb5 a6 5. b6 Qxb6 6. Nc3 g6 7. Nf3 Bg7 8. e4 d6
9. Nd2 O-O 10. a4 Nbd7 11. a5 Qb7 12. Nc4 h6 13. Bd3 Ne8 14. Na4 Nc7 15. Nab6
Rb8 16. O-O Nxb6 17. Nxb6 Na8 18. Nxc8 Rfxc8 19. Qe2 Nc7 20. Rb1 Nb5 21. Be3
Qc7 22. Qd2 c4 23. Rfc1 c3 24. bxc3 Bxc3 25. Rxb5 axb5 26. Bb6 Bxd2 27. Rxc7
Rxc7 28. Bxc7 Rc8 29. Bb6 Rc1+ 30. Bf1 Ra1 31. g3 Bxa5 0-1

[Event "PKl 2004 Kampioensgroep"]
[Site "PKl 2004 Kampioensgroep ronde "]
[Date "2004.12.11"]
[Round "5"]
[White "van Gool, Henk"]
[Black "Coenen, Eduard"]
[Result "1-0"]
[WhiteElo "2096"]
[BlackElo "2008"]
[PlyCount "99"]
[EventDate "2004.??.??"]

1. e4 e6 2. d4 d5 3. Nd2 c5 4. Ngf3 cxd4 5. exd5 Qxd5 6. Bc4 Qd8 7. O-O Nc6 8.
Nb3 Nf6 9. Nbxd4 Nxd4 10. Nxd4 a6 11. Bb3 Be7 12. Re1 O-O 13. c3 h6 14. Qf3 Bc5
15. Be3 e5 16. Nc6 e4 17. Nxd8 exf3 18. Nxf7 Bxe3 19. Rxe3 fxg2 20. Nxh6+ Kh7
21. Nf7 Bf5 22. Nd6 Bd7 23. Rae1 Ng4 24. Rh3+ Nh6 25. Rg3 Bg4 26. h3 Rad8 27.
Nxb7 Rd2 28. hxg4 Rfxf2 29. Nc5 Kg6 30. Ne4 Rf1+ 31. Rxf1 gxf1=Q+ 32. Kxf1 Rxb2
33. Bd5 a5 34. a3 Nf7 35. Bxf7+ Kxf7 36. c4 Ke6 37. Nc5+ Kd6 38. Nd3 Rc2 39.
c5+ Kd5 40. Ke1 Kd4 41. g5 Rc3 42. Kd2 Rxa3 43. Rg4+ Kd5 44. Ke3 Ra1 45. Rd4+
Kc6 46. Rd6+ Kc7 47. Rg6 a4 48. Rxg7+ Kc6 49. Kd4 a3 50. Kc4 1-0

[Event "PKL 2004 Eerste Klasse"]
[Site "PKL 2004 Eerste Klasse ronde 5"]
[Date "2004.12.11"]
[Round "5"]
[White "Roufs, Gerard"]
[Black "Schotanus, Fred"]
[Result "1/2-1/2"]
[WhiteElo "1914"]
[BlackElo "1842"]
[PlyCount "66"]
[EventDate "2004.??.??"]

1. e4 c6 2. d4 d5 3. Nd2 dxe4 4. Nxe4 Bf5 5. Ng3 Bg6 6. h4 h6 7. Nf3 Nd7 8. h5
Bh7 9. Bd3 Bxd3 10. Qxd3 Ngf6 11. Bd2 e6 12. O-O-O Qc7 13. Ne4 Nxe4 14. Qxe4
Nf6 15. Qe2 O-O-O 16. g3 Bd6 17. c4 c5 18. Bc3 Rhg8 19. Ne5 Bxe5 20. dxe5 Rxd1+
21. Rxd1 Nd7 22. Qe4 g6 23. hxg6 Rxg6 24. Qh4 Qd8 25. Qe4 Qc7 26. Qf3 Nb8 27.
b3 Nc6 28. Qe3 b6 29. Rh1 Qd8 30. Rxh6 Rxh6 31. Qxh6 Qd3 32. Qd2 Qe4 33. f4 Qf3
1/2-1/2

[Event "PKL 2004 Eerste Klasse"]
[Site "PKL 2004 Eerste Klasse ronde 5"]
[Date "2004.12.11"]
[Round "5"]
[White "Sofic, Narcis"]
[Black "Heirich, Andreas"]
[Result "1-0"]
[WhiteElo "1605"]
[BlackElo "1773"]
[PlyCount "67"]
[EventDate "2004.??.??"]

1. d4 Nf6 2. c4 g6 3. Nc3 d5 4. Bg5 c6 5. e3 Bg7 6. Nf3 Bg4 7. Be2 Qa5 8. Bxf6
Bxf6 9. Qb3 Na6 10. cxd5 O-O 11. O-O Rab8 12. h3 Bd7 13. e4 Nc7 14. dxc6 bxc6
15. Qc2 Ne6 16. e5 Bg7 17. Bc4 Nf4 18. Qd2 Bh6 19. Qc2 Bf5 20. Qa4 Qc7 21. b3
Qd7 22. e6 Nxe6 23. d5 Nc5 24. Qxc6 Qxc6 25. dxc6 Bg7 26. Rac1 Bd3 27. Bxd3
Nxd3 28. Nd5 Nxc1 29. Nxe7+ Kh8 30. Rxc1 Bf6 31. c7 Bxe7 32. cxb8=Q Rxb8 33.
Rc7 Bc5 34. Rxc5 1-0

[Event "PKL 2004 Eerste klasse"]
[Site "PKL 2004 Eerste klasse ronde 5"]
[Date "2004.12.11"]
[Round "5"]
[White "Smit, Melvin"]
[Black "Aben, Paul"]
[Result "0-1"]
[WhiteElo "1755"]
[BlackElo "1746"]
[PlyCount "70"]
[EventDate "2004.??.??"]

1. b4 e5 2. a3 d5 3. Bb2 Nd7 4. d3 Ngf6 5. Nf3 Bd6 6. e3 O-O 7. Be2 Re8 8. Nbd2
c5 9. bxc5 Nxc5 10. d4 Na4 11. dxe5 Nxb2 12. Qb1 Na4 13. exd6 Qxd6 14. Qb4 Nc5
15. Nb3 b6 16. Nbd4 Bg4 17. O-O Nfe4 18. Rfd1 Qf6 19. Nb5 Red8 20. Qe1 Na4 21.
Nfd4 Bxe2 22. Nxe2 Rac8 23. Rd4 Rxc2 24. Nxa7 Nac3 25. Nxc3 Nxc3 26. Kh1 Ra8
27. Rc1 Rxf2 28. Rf4 Rxf4 29. exf4 d4 30. g4 h6 31. Rxc3 dxc3 32. Nb5 Qc6+ 33.
Kg1 Qxb5 34. Qxc3 Qc5+ 35. Qxc5 bxc5 0-1

[Event "PKL 2004 Tweede Klasse"]
[Site "PKL 2004 Tweede Klasse ronde 5"]
[Date "2004.12.11"]
[Round "5"]
[White "Clevers, Frank"]
[Black "Roesler, Manfred"]
[Result "1-0"]
[WhiteElo "1609"]
[BlackElo "1605"]
[PlyCount "47"]
[EventDate "2004.??.??"]

1. e4 d6 2. d4 g6 3. Nf3 Bg7 4. Be2 Nf6 5. Nbd2 O-O 6. O-O c5 7. d5 Nbd7 8. c4
Re8 9. Qc2 Nf8 10. Rb1 e6 11. b4 exd5 12. cxd5 cxb4 13. Rxb4 Nxd5 14. exd5 Rxe2
15. Qc4 Re8 16. Nd4 Nd7 17. N2f3 Nb6 18. Qb3 Nd7 19. Bg5 f6 20. Ne6 Rxe6 21.
dxe6 Nc5 22. e7+ Nxb3 23. exd8=Q+ Bf8 24. Rxb3 1-0

[Event "PKL 2004 Tweede Klasse"]
[Site "PKL 2004 Tweede Klasse ronde 5"]
[Date "2004.12.11"]
[Round "5"]
[White "van Vliembergen, Marina"]
[Black "Leenders, Hans"]
[Result "1-0"]
[WhiteElo "1605"]
[BlackElo "1659"]
[PlyCount "121"]
[EventDate "2004.??.??"]

1. e4 e6 2. d4 d5 3. exd5 exd5 4. Bd3 Bd6 5. Nc3 c6 6. Nf3 Nf6 7. O-O O-O 8.
Be3 Qc7 9. h3 Re8 10. Re1 Nbd7 11. Re2 Nf8 12. Bg5 Rxe2 13. Qxe2 N6d7 14. Re1
Ne6 15. Qe3 Ndf8 16. Ne2 Bd7 17. c3 Re8 18. Qd2 h6 19. Be3 b6 20. Nh4 Nd8 21.
Nf5 Bxf5 22. Bxf5 Nde6 23. Kf1 Ng6 24. Qc2 Nef8 25. Ng1 Bf4 26. Bxf4 Rxe1+ 27.
Kxe1 Nxf4 28. Kf1 g6 29. Bg4 Nh7 30. Qd2 Nf6 31. Bf3 h5 32. g3 Ne6 33. Ne2 Ne4
34. Bxe4 dxe4 35. Qe3 f5 36. f3 Qf7 37. fxe4 fxe4+ 38. Nf4 g5 39. Kg2 gxf4 40.
Qxe4 fxg3 41. Kxg3 h4+ 42. Qxh4 Qg6+ 43. Kf3 Qf5+ 44. Kg3 Ng5 45. Qg4 Qxg4+ 46.
Kxg4 Ne4 47. Kf4 Nf2 48. Ke5 Nd3+ 49. Kd6 Nxb2 50. Kxc6 Nc4 51. Kb5 Nd6+ 52.
Ka6 Ne4 53. c4 Nd6 54. c5 bxc5 55. dxc5 Nc8 56. Kb7 Ne7 57. Kxa7 Kf7 58. Kb7
Ke6 59. c6 Kd6 60. c7 Kd7 61. h4 1-0

[Event "PKL 2004 Tweede Klasse"]
[Site "PKL 2004 Tweede Klasse ronde 5"]
[Date "2004.12.11"]
[Round "5"]
[White "Janssen, Maurice"]
[Black "Kleijnen, Jos"]
[Result "0-1"]
[WhiteElo "1615"]
[BlackElo "1605"]
[PlyCount "79"]
[EventDate "2004.??.??"]

1. e4 d5 2. exd5 Nf6 3. Nc3 Nxd5 4. Nxd5 Qxd5 5. d4 g6 6. Nf3 Bg7 7. Be2 O-O 8.
O-O c5 9. dxc5 Qxc5 10. c3 Nc6 11. Be3 Qa5 12. Qc2 e5 13. Rfd1 Bf5 14. Qb3 Qc7
15. Rd2 Be6 16. Qd1 Ne7 17. Ng5 Bc8 18. Qb3 Nf5 19. Rad1 Nxe3 20. fxe3 h6 21.
Nxf7 Kh7 22. Nd6 Qc5 23. c4 Qc6 24. Bf3 Rxf3 25. gxf3 Bh3 26. Ne4 Rf8 27. Rd6
Qc8 28. Kf2 Qf5 29. Nd2 e4 30. Rd5 Qe6 31. Qxb7 Rf7 32. Qb5 Rxf3+ 33. Nxf3 Qg4
34. Ne1 Qh4+ 35. Ke2 Bg4+ 36. Kd2 Qxh2+ 37. Kc1 Bxd1 38. Rxd1 Qe2 39. Nc2 h5
40. Qb4 {vlag} 0-1

[Event "PKL 2004 Tweede Klasse"]
[Site "PKL 2004 Tweede Klasse ronde 5"]
[Date "2004.12.11"]
[Round "5"]
[White "Schreurs, Joost"]
[Black "Bomhoff, Bert"]
[Result "0-1"]
[WhiteElo "1605"]
[BlackElo "1605"]
[PlyCount "44"]
[EventDate "2004.??.??"]

1. e4 Nf6 2. e5 Nd5 3. d4 d6 4. exd6 cxd6 5. Bb5+ Bd7 6. a4 a6 7. Bc4 Bc6 8.
Nf3 e6 9. O-O Be7 10. Nc3 Nxc3 11. bxc3 d5 12. Bb3 Nd7 13. Bf4 Nf6 14. Ne5 O-O
15. c4 Rc8 16. Qd3 dxc4 17. Nxc4 b5 18. Nd2 Nd5 19. Qg3 Nxf4 20. Qxf4 Bg5 21.
Qe5 Bxd2 22. Rfd1 Qg5 0-1

[Event "PKL 2004 Senioren"]
[Site "PKL 2004 Senioren ronde 4"]
[Date "2004.12.11"]
[Round "4"]
[White "Beckers, Piet"]
[Black "van Odijk, Frank"]
[Result "1/2-1/2"]
[WhiteElo "1677"]
[BlackElo "1605"]
[PlyCount "36"]
[EventDate "2004.??.??"]

1. d4 Nf6 2. c4 e6 3. Bg5 Be7 4. Nc3 d5 5. e3 O-O 6. Nf3 c6 7. Bd3 Nbd7 8. O-O
h6 9. Bh4 dxc4 10. Bxc4 Nb6 11. Bb3 Nbd5 12. Nxd5 exd5 13. Ne5 Ne4 14. Bxe7
Qxe7 15. f3 Nf6 16. Rc1 Bf5 17. Qe2 Rac8 18. Nd3 Nd7 1/2-1/2

[Event "PKL 2004 Senioren"]
[Site "PKL 2004 Senioren ronde 4"]
[Date "2004.12.11"]
[Round "4"]
[White "van Pol, Tjeu"]
[Black "Dupont, Frank"]
[Result "0-1"]
[WhiteElo "1605"]
[BlackElo "1605"]
[PlyCount "86"]
[EventDate "2004.??.??"]

1. d4 Nf6 2. Nf3 e6 3. Bf4 d5 4. e3 c5 5. c4 Nc6 6. Nbd2 Be7 7. a3 O-O 8. dxc5
Bxc5 9. b4 Be7 10. c5 b6 11. b5 Na5 12. c6 h6 13. Be2 Nh5 14. Be5 Bf6 15. O-O
Bxe5 16. Nxe5 Nf6 17. a4 Qc7 18. Nef3 e5 19. Nb3 Nxb3 20. Qxb3 Be6 21. Qb2 Bg4
22. h3 Bxf3 23. Bxf3 e4 24. Bd1 Rad8 25. Qd4 Rfe8 26. Bb3 Re5 27. Rfd1 Rh5 28.
Kf1 Qh2 29. Rac1 Qh1+ 30. Ke2 Qxg2 31. Rg1 Qf3+ 32. Ke1 Rf5 33. Qb2 Qxh3 34. c7
Rc8 35. Rc6 Qh2 36. Rf1 Rxc7 37. Qc2 Rxc6 38. Qxc6 Qe5 39. Qa8+ Kh7 40. Qxa7
Qc3+ 41. Ke2 Qxb3 42. Rd1 Qc2+ 43. Rd2 Rxf2+ 0-1

[Event "PKL 2004 Senioren"]
[Site "PKL 2004 Senioren ronde 4"]
[Date "2004.12.11"]
[Round "4"]
[White "Swanenberg, Ad"]
[Black "Scheeren, Wiel"]
[Result "0-1"]
[WhiteElo "1791"]
[BlackElo "1605"]
[PlyCount "152"]
[EventDate "2004.??.??"]

1. e4 e5 2. Nf3 Nc6 3. Bb5 d6 4. O-O Bd7 5. c3 Nf6 6. Re1 Be7 7. d4 a6 8. Ba4
b5 9. Bc2 O-O 10. b3 Bg4 11. d5 Nb8 12. Nbd2 c5 13. Bb2 Nbd7 14. h3 Bh5 15. c4
h6 16. Bd3 b4 17. Be2 Nh7 18. Nh2 Bxe2 19. Qxe2 Ndf6 20. Rf1 g5 21. Rfe1 Kh8
22. Ndf1 Rg8 23. Ng3 Nf8 24. Ng4 Kh7 25. Nf5 Nxg4 26. Qxg4 Ng6 27. Re3 Nf4 28.
Nxe7 Qxe7 29. Qf5+ Rg6 30. g3 Nh5 31. Rf3 Kg8 32. Re3 Kh8 33. Qg4 Ng7 34. Qe2
Rg8 35. a3 a5 36. axb4 axb4 37. Rd3 f5 38. f3 g4 39. fxg4 fxg4 40. h4 h5 41.
Bc1 Rf8 42. Bg5 Qb7 43. Rf1 Rf7 44. Rf2 Ne8 45. Rd1 Kg8 46. Rdf1 Rgg7 47. Rf5
Rh7 48. Qd3 Rxf5 49. Rxf5 Rf7 50. Qf1 Qa7 51. Rxf7 Qxf7 52. Qf5 Qxf5 53. exf5
Kf7 54. Kf2 Ng7 55. f6 Nf5 56. Be3 Kxf6 57. Bg5+ Kf7 58. Be3 Ne7 59. Ke2 Kg6
60. Kd3 Kf5 61. Bg5 Ng6 62. Bd8 e4+ 63. Ke3 Ne5 64. Be7 Nf7 65. Bf8 Ke5 66.
Bg7+ Kf5 67. Bf8 Ne5 68. Bxd6 Nxc4+ 69. bxc4 b3 70. Bxc5 b2 71. d6 b1=Q 72. d7
Qd3+ 73. Kf2 Qxd7 74. Be3 Qc6 75. c5 Qb5 76. Kg2 Qb2+ 0-1

[Event "PKL 2004 Veteranen"]
[Site "PKL 2004 Veteranen ronde 4"]
[Date "2004.12.11"]
[Round "4"]
[White "Stupp, Josef"]
[Black "Simonis, Peter"]
[Result "0-1"]
[WhiteElo "1645"]
[BlackElo "1768"]
[PlyCount "80"]
[EventDate "2004.??.??"]

1. e4 c5 2. Nc3 Nc6 3. f4 d6 4. Bc4 Nf6 5. d3 a6 6. h3 b5 7. Bb3 Bb7 8. a3 Nd4
9. Ba2 e6 10. Nf3 Qb6 11. Be3 Nxf3+ 12. Qxf3 Rd8 13. g4 d5 14. Bf2 d4 15. Ne2
Be7 16. g5 Nd7 17. h4 Qa5+ 18. c3 dxc3 19. Nxc3 b4 20. axb4 cxb4 21. O-O bxc3
22. Bxe6 Qc7 23. Bc4 Nc5 24. bxc3 Nxe4 25. Bd4 Nd2 26. Qh5 Nxc4 27. dxc4 Qc6
28. Kf2 Qg2+ 29. Ke1 Rxd4 30. Rf2 Re4+ 31. Re2 Qg1+ 32. Kd2 Rxe2+ 33. Qxe2 Qxa1
34. Qe5 Qb2+ 35. Ke3 O-O 36. Qxe7 Qxc3+ 37. Kf2 Qf3+ 38. Ke1 Bc6 39. Kd2 Qxf4+
40. Kc3 Qxh4 0-1

[Event "PKL 2004 Veteranen"]
[Site "PKL 2004 Veteranen ronde 4"]
[Date "2004.12.11"]
[Round "4"]
[White "Tammen, Fred"]
[Black "Meijerink, Harrie"]
[Result "0-1"]
[WhiteElo "1648"]
[BlackElo "1659"]
[PlyCount "76"]
[EventDate "2004.??.??"]

1. d4 d5 2. Nf3 Nf6 3. e3 c6 4. Bd3 Bg4 5. h3 Bxf3 6. Qxf3 e6 7. Nd2 Nbd7 8.
Qg3 g6 9. f4 Bg7 10. b3 Nh5 11. Qf2 Bf6 12. Nf3 c5 13. c3 cxd4 14. cxd4 Nc5 15.
Bb5+ Nd7 16. Bd2 O-O 17. O-O a6 18. Bd3 Qb6 19. Ne5 Rad8 20. Rac1 Ng7 21. Rc2
Be7 22. Qe1 Nxe5 23. fxe5 Qa7 24. Rc7 Ba3 25. Qf2 Qb8 26. Rxf7 Nf5 27. Rxf8+
Rxf8 28. g4 Nxd4 29. Qxf8+ Bxf8 30. exd4 Bg7 31. Bb4 Qd8 32. Rc1 Bh6 33. Rf1
Qg5 34. Rf3 Qc1+ 35. Kg2 Qb2+ 36. Kg3 Qxd4 37. Bd6 Qg1+ 38. Kh4 Qe1+ 0-1

[Event "PKL 2004 Kampioensgroep"]
[Site "PKL 2004 Kampioensgroep ronde "]
[Date "2004.12.11"]
[Round "6"]
[White "van Haren, Marcel"]
[Black "Metsemakers, Peter"]
[Result "0-1"]
[WhiteElo "1871"]
[BlackElo "1900"]
[PlyCount "34"]
[EventDate "2004.??.??"]

1. e4 e5 2. Bc4 Nf6 3. d4 exd4 4. Nf3 d5 5. exd5 Bb4+ 6. Bd2 Qe7+ 7. Qe2 Qxe2+
8. Kxe2 Bxd2 9. Nbxd2 O-O 10. Rhe1 Bg4 11. Kf1 Bxf3 12. Nxf3 Nbd7 13. Re7 Rac8
14. Rd1 Nb6 15. Rxd4 Nxc4 16. Rxc4 Nxd5 17. Rd7 Nb6 0-1

[Event "PKL 2004 Kampioensgroep "]
[Site "PKL 2004 Kampioensgroep ronde "]
[Date "2004.12.11"]
[Round "6"]
[White "Peeters, Geert"]
[Black "Seip, Rien"]
[Result "1-0"]
[WhiteElo "2057"]
[BlackElo "1949"]
[PlyCount "59"]
[EventDate "2004.??.??"]

1. e4 e6 2. d4 d5 3. Nc3 Nf6 4. Bg5 Be7 5. e5 Nfd7 6. h4 c5 7. Bxe7 Qxe7 8. Nb5
O-O 9. Nc7 f6 10. exf6 Nxf6 11. Nxa8 Ne4 12. Nf3 cxd4 13. Bd3 e5 14. Qe2 Nc6
15. a3 Bf5 16. Ng5 Nd6 17. Bxf5 Nxf5 18. Qb5 Qd7 19. Nc7 Nfe7 20. Nge6 Rf6 21.
Qxb7 Rxe6 22. Qa8+ Kf7 23. Nxe6 Qxe6 24. Qb7 Qg4 25. Kf1 e4 26. Rh3 Ne5 27. Re1
Qf4 28. Qxa7 e3 29. Re2 Nc4 30. Rf3 1-0

[Event "PKL 2004 Kampioensgroep"]
[Site "PKL 2004 Kampioensgroep ronde "]
[Date "2004.12.11"]
[Round "6"]
[White "Bus, Tom"]
[Black "Coenen, Eduard"]
[Result "1-0"]
[WhiteElo "2072"]
[BlackElo "2008"]
[PlyCount "130"]
[EventDate "2004.??.??"]

1. c4 c6 2. g3 d5 3. Bg2 Nf6 4. Nf3 Bf5 5. cxd5 cxd5 6. Qb3 Qc8 7. Nc3 e6 8. d3
Bc5 9. O-O O-O 10. Bf4 Nc6 11. Rac1 Qd7 12. e4 Bg4 13. Ne5 Nxe5 14. Bxe5 dxe4
15. dxe4 Rac8 16. h3 Bh5 17. g4 Bg6 18. Rfd1 Qe7 19. Na4 Bxf2+ 20. Kxf2 Rxc1
21. Rxc1 Nxe4+ 22. Bxe4 Qg5 23. Qe3 Qxe5 24. Bxb7 Qa5 25. b3 Qb4 26. Bf3 e5 27.
Rc4 Qa3 28. Nc3 Rd8 29. h4 Bd3 30. Qxd3 Rxd3 31. Rc8+ Qf8 32. Rxf8+ Kxf8 33.
Nd5 Rd2+ 34. Ke3 Rxa2 35. Nb4 Rb2 36. Bd5 Rh2 37. h5 Ke7 38. Nd3 Rh3+ 39. Ke4
f6 40. Bc4 Rg3 41. Nf2 Kd6 42. Bg8 h6 43. Bc4 Kc5 44. Nd3+ Kd6 45. Nf2 a5 46.
Bf7 Kc5 47. Nd3+ Kb6 48. Nf2 Kb5 49. Be6 Kb4 50. Nd3+ Kc3 51. Nc5 Rg1 52. Kf5
Kd4 53. Nb7 e4 54. Nxa5 e3 55. Bc4 Rc1 56. Kf4 Rxc4 57. Nxc4 e2 58. Nd2 e1=N
59. Nf3+ Nxf3 60. Kxf3 Kc3 61. Kf4 Kxb3 62. Kf5 Kc3 63. Kg6 Kd4 64. Kxg7 Ke5
65. Kg6 Kf4 {Vanaf dit punt werd dusdanig snel gespeeld dat de zetten niet
meer bijgehouden konden worden.} 1-0

[Event "PKL 2004 Kampioensgroep"]
[Site "PKL 2004 Kampioensgroep ronde "]
[Date "2004.12.11"]
[Round "6"]
[White "Simenon, Jozef"]
[Black "van Gool, Henk"]
[Result "0-1"]
[WhiteElo "2065"]
[BlackElo "2096"]
[PlyCount "90"]
[EventDate "2004.??.??"]

1. c4 Nf6 2. Nc3 e5 3. g3 Bb4 4. Bg2 Nc6 5. e4 Bxc3 6. dxc3 O-O 7. Qe2 d6 8. h3
Be6 9. Nf3 Qd7 10. Ng5 h6 11. Nxe6 Qxe6 12. O-O a5 13. Be3 a4 14. c5 dxc5 15.
Bxc5 Rfe8 16. Rfd1 Na5 17. f3 Qc6 18. Bf2 b5 19. f4 Qc4 20. Qxc4 Nxc4 21. b3
axb3 22. axb3 Rxa1 23. Rxa1 Nd2 24. fxe5 Nfxe4 25. Bxe4 Nxe4 26. Ra7 Rd8 27. e6
fxe6 28. Bd4 Nxg3 29. Be5 Nf5 30. Rxc7 Rd5 31. Rc8+ Kh7 32. Bb8 Rd3 33. Kh2 g5
34. Rc5 h5 35. Rxb5 Rxc3 36. b4 Kg6 37. Rb6 Kf6 38. b5 Rc2+ 39. Kg1 Nd4 40. Rb7
Nf3+ 41. Kf1 e5 42. b6 g4 43. hxg4 hxg4 44. Bxe5+ Kxe5 45. Rb8 Kf4 0-1

[Event "PKL 2004 Eerste Klasse"]
[Site "PKL 2004 Eerste Klasse ronde 6"]
[Date "2004.12.11"]
[Round "6"]
[White "Heirich, Andreas"]
[Black "Roufs, Gerard"]
[Result "1/2-1/2"]
[WhiteElo "1773"]
[BlackElo "1914"]
[PlyCount "97"]
[EventDate "2004.??.??"]

1. d4 d5 2. c4 c6 3. Nc3 Nf6 4. Bg5 e6 5. e3 Nbd7 6. Bd3 Qa5 7. Bxf6 Nxf6 8.
Nge2 Bd6 9. c5 Be7 10. a3 Qc7 11. b4 O-O 12. Ng3 e5 13. Bf5 b6 14. Bxc8 Rfxc8
15. O-O bxc5 16. bxc5 exd4 17. exd4 Rab8 18. Re1 Bf8 19. Na2 g6 20. Nb4 Rb7 21.
Na6 Qa5 22. Nb4 Qb5 23. Qd3 Bg7 24. Rab1 Rcb8 25. Qxb5 Rxb5 26. Rbd1 Rc8 27.
Re7 a5 28. Nd3 Ne8 29. Ne5 Bxe5 30. Rxe5 Rb3 31. Re3 Rcb8 32. Rde1 Kf8 33. Nf1
Rxe3 34. Rxe3 Rb1 35. g3 Rd1 36. Rb3 Rxd4 37. Rb6 Ra4 38. Rxc6 Rxa3 39. Ra6 d4
40. Ra8 Ke7 41. Ra7+ Ke6 42. c6 Rc3 43. Rxa5 Rxc6 44. Kg2 Rc3 45. Nd2 d3 46.
Ne4 Rc2 47. Kf3 h6 48. Nc5+ Kf6 49. Nxd3 1/2-1/2

[Event "PKL 2004 Eerste Klasse"]
[Site "PKL 2004 Eerste Klasse ronde 6"]
[Date "2004.12.11"]
[Round "6"]
[White "Scheeren, Fred"]
[Black "Sofic, Narcis"]
[Result "1/2-1/2"]
[WhiteElo "1842"]
[BlackElo "1605"]
[PlyCount "72"]
[EventDate "2004.??.??"]

1. e4 c5 2. Nf3 Nc6 3. d4 cxd4 4. Nxd4 d6 5. c4 g6 6. Nc3 Bg7 7. Be3 Nf6 8. Be2
O-O 9. O-O Bd7 10. Qd2 a6 11. f3 Rc8 12. Rac1 Nxd4 13. Bxd4 Bc6 14. Rfd1 Nh5
15. Bxg7 Nxg7 16. Kh1 Qb6 17. b3 Rfd8 18. Qg5 Re8 19. Bf1 Ne6 20. Qg3 Qe3 21.
Nd5 Bxd5 22. exd5 Ng7 23. Qe1 Qh6 24. Rc3 Qg5 25. Qe3 Qxe3 26. Rxe3 Rc7 27. Kg1
Kf8 28. Kf2 b6 29. Rd2 a5 30. g3 Nf5 31. Re1 Kg7 32. Bh3 Nh6 33. Ke3 Ra8 34.
Kd4 Ng8 35. a3 Rca7 36. Rde2 Rc7 1/2-1/2

[Event "PKL 2004 Eerste Klasse"]
[Site "PKL 2004 Eerste Klasse ronde 6"]
[Date "2004.12.11"]
[Round "6"]
[White "Schotanus, Fred"]
[Black "Smit, Melvin"]
[Result "0-1"]
[WhiteElo "1842"]
[BlackElo "1755"]
[PlyCount "152"]
[EventDate "2004.??.??"]

1. e4 c5 2. Nf3 d6 3. d4 cxd4 4. Nxd4 Nf6 5. Nc3 a6 6. Be2 e5 7. Nf3 Be7 8. O-O
O-O 9. h3 b5 10. a3 Bb7 11. Bd3 Nbd7 12. Qe2 Rc8 13. Be3 d5 14. Nxd5 Nxd5 15.
exd5 Bxd5 16. Nd2 Bf6 17. Ne4 Be7 18. Qh5 g6 19. Qh6 Bxe4 20. Bxe4 Nf6 21. Bb7
Rxc2 22. b4 a5 23. Qh4 Rc4 24. Qg3 Qc7 25. Bf3 axb4 26. axb4 Rxb4 27. Ra7 Qd6
28. Rd1 Qe6 29. Bg5 Rd8 30. Rxd8+ Bxd8 31. Ra8 Rd4 32. Bg4 Qd6 33. Qf3 Kg7 34.
Qe3 Nxg4 35. hxg4 Bxg5 36. Qxg5 Rd1+ 37. Kh2 h6 38. Qe3 Qf6 39. Rb8 Qh4+ 40.
Qh3 Qxh3+ 41. gxh3 Rd5 42. h4 e4 43. Rb7 Re5 44. Kg3 g5 45. h5 Kf6 46. Rb6+ Kg7
47. Rb7 e3 48. fxe3 Rxe3+ 49. Kf2 Rb3 50. Kg2 b4 51. Kf2 Rb1 52. Ke3 b3 53. Kd2
b2 54. Kc2 Rg1 55. Kxb2 Rxg4 56. Kc2 Rh4 57. Kd2 Rxh5 58. Ke3 Rh4 59. Kf3 h5
60. Rb6 Rf4+ 61. Kg3 Rf6 62. Rb5 Re6 63. Rxg5+ Rg6 64. Kh4 Rxg5 65. Kxg5 h4 66.
Kxh4 Kf6 67. Kg4 Ke5 68. Kf3 Kf5 69. Kf2 Ke4 70. Kg3 f6 71. Kf2 Kf4 72. Kg1 Ke3
73. Kf1 f5 74. Ke1 f4 75. Kf1 Kf3 76. Kg1 Ke2 0-1

[Event "PKL 2004 Tweede Klasse"]
[Site "PKL 2004 Tweede Klasse ronde 6"]
[Date "2004.12.11"]
[Round "6"]
[White "Roesler, Manfred"]
[Black "Janssen, Maurice"]
[Result "1/2-1/2"]
[WhiteElo "1605"]
[BlackElo "1615"]
[PlyCount "44"]
[EventDate "2004.??.??"]

1. d4 d5 2. c4 c6 3. cxd5 cxd5 4. Nf3 Nc6 5. Bf4 Nf6 6. e3 e6 7. Bb5 Qa5+ 8.
Nc3 Bb4 9. Bxc6+ bxc6 10. Qc2 Bxc3+ 11. Qxc3 Qxc3+ 12. bxc3 Ba6 13. Nd2 O-O 14.
f3 Rac8 15. Nb3 Nd7 16. Kf2 Rfe8 17. Bd6 e5 18. Rhe1 exd4 19. exd4 f6 20. Re7
Rxe7 21. Bxe7 Re8 22. Re1 Kf7 1/2-1/2

[Event "PKL 2004 Tweede Klasse"]
[Site "PKL 2004 Tweede Klasse ronde 6"]
[Date "2004.12.11"]
[Round "6"]
[White "Kleijnen, Jos"]
[Black "van Vliembergen, Marina"]
[Result "0-1"]
[WhiteElo "1605"]
[BlackElo "1605"]
[PlyCount "68"]
[EventDate "2004.??.??"]

1. e4 e6 2. d4 d5 3. exd5 exd5 4. Nf3 Nf6 5. Be2 Bd6 6. O-O O-O 7. Bg5 Be6 8.
a3 Nbd7 9. Nc3 c6 10. Re1 Qc7 11. Bd3 Ng4 12. g3 h6 13. Be3 Nxe3 14. Rxe3 Nf6
15. Ne5 Rfe8 16. Be2 Bh3 17. g4 Bxe5 18. dxe5 Rxe5 19. Rxh3 Qb6 20. b3 Rae8 21.
Na4 Qa5 22. Re3 Rxe3 23. fxe3 Rxe3 24. Bd3 b5 25. Nb2 Qc3 26. Rb1 g6 27. Be2
Ne4 28. Nd3 Qd4 29. Kf1 Rxd3 30. Qe1 Nd2+ 31. Kg2 Qe4+ 32. Kg1 Re3 33. Qxd2
Rxe2 34. Qc3 Qg2# 0-1

[Event "PKL 2004 Tweede Klasse"]
[Site "PKL 2004 Tweede Klasse ronde 6"]
[Date "2004.12.11"]
[Round "6"]
[White "Schreurs, Joost"]
[Black "Clevers, Frank"]
[Result "0-1"]
[WhiteElo "1605"]
[BlackElo "1609"]
[PlyCount "56"]
[EventDate "2004.??.??"]

1. e4 e5 2. Nf3 Nc6 3. Bb5 a6 4. Ba4 b5 5. Bb3 Nf6 6. O-O d6 7. Re1 Na5 8. d4
Nxb3 9. axb3 exd4 10. e5 dxe5 11. Rxe5+ Be6 12. Ng5 Qd7 13. Qf3 Ra7 14. Qe2 Bd6
15. Nxe6 fxe6 16. Rxe6+ Kf7 17. Re4 Nxe4 18. Qxe4 Re8 19. Qf3+ Kg8 20. Bd2 Rf8
21. Qd5+ Kh8 22. Kf1 Rxf2+ 23. Ke1 Rxd2 24. Qh5 Rxc2 25. Na3 Bxa3 26. bxa3 Ra8
27. Qf3 Re8+ 28. Kf1 Qe6 0-1